|
|
|
|
| LEADER |
01287nam a2200277 a 4500 |
| 001 |
GR-Antirio767 |
| 008 |
090515s2006 gr 000 0 gre d |
| 020 |
|
|
|a 0672328704
|
| 040 |
|
|
|a GrPaTEI
|b gre
|c GR-PaULI
|
| 040 |
|
|
|a GrPaTEI
|b gre
|c GR-PaULI
|
| 040 |
|
|
|a GrPaTEI
|b gre
|c GR-PaULI
|
| 082 |
|
0 |
|a 005.758
|2 22
|
| 100 |
0 |
|
|a MySQL AB
|
| 245 |
1 |
0 |
|a MySQL administrator's guide and language reference /
|c MySQL AB.
|
| 250 |
|
|
|a 2nd ed.
|
| 260 |
|
|
|a Indianapolis, IN. , London :
|b MySQL Press , Pearson Education,
|c c 2006
|
| 300 |
|
|
|a xxvi. , 860 σ. :
|b εικ. ;
|c 24 εκ. +
|e 1 cd - rom
|
| 500 |
|
|
|a Περιλαμβάνει ευρετήριο.
|
| 650 |
|
0 |
|a Database management
|
| 650 |
|
0 |
|a MySQL (ELECTRONIC RESOURCE)
|
| 650 |
|
0 |
|a SQL (COMPUTER PROGRAM LANGUAGE )
|
| 942 |
|
|
|2 ddc
|
| 952 |
|
|
|0 0
|1 0
|2 ddc
|4 0
|6 005_758000000000000_MYS
|7 0
|9 262168
|a LISK-2
|b LISK-2
|c BSC
|d 2021-01-17
|e 24
|f 0
|g 0.00
|l 0
|o 005.758 MYS
|p 2430000007192
|r 2021-01-17 00:00:00
|t 1
|w 2021-01-17
|y BK15
|x 20090515 0 1
|x GrPaTEI - Antirrio
|
| 952 |
|
|
|0 0
|1 0
|2 ddc
|4 0
|6 005_758000000000000_MYS
|7 0
|9 262169
|a LISK-2
|b LISK-2
|c BSC
|d 2021-01-17
|e 24
|f 0
|g 0.00
|l 0
|o 005.758 MYS
|p 2430000007193
|r 2021-01-17 00:00:00
|t 1
|w 2021-01-17
|y BK15
|x 20090515 0 1
|x GrPaTEI - Antirrio
|
| 971 |
|
|
|a .b25705660
|b 01-10-20
|c 12-09-16
|
| 999 |
|
|
|c 151201
|d 151201
|